[Event "Paderborn op 17th"]
[Site "Paderborn"]
[Date "2023.12.27"]
[Round "1"]
[White "Mohnkern, Ansgar"]
[Black "Bagrationi, Alexander"]
[Result "0-1"]
[WhiteElo "1936"]
[BlackElo "2443"]
[PlyCount "118"]
[EventDate "2023.12.27"]
[EventType "swiss"]
[EventRounds "7"]
[EventCountry "GER"]
[SourceTitle "EXT 2025"]
[Source "ChessBase"]
[SourceDate "2024.10.14"]
[SourceVersion "1"]
[SourceVersionDate "2024.10.14"]
[SourceQuality "1"]

1. e4 c5 2. Nf3 Nc6 3. Bb5 g6 4. 0-0 Bg7 5. Re1 Nh6 6. c3 f5 7. e5 Nf7 8. d4 Qb6 9. Na3 a6 10. dxc5 Qc7 11. Bxc6 Qxc6 12. Be3 b5 13. Nc2 e6 14. a4 bxa4 15. Nb4 Qc7 16. Qxa4 0-0 17. Bd4 Bb7 18. Qa5 Qb8 19. Qb6 a5 20. c6 Bxc6 21. Nxc6 dxc6 22. Qxc6 Re8 23. Ra2 g5 24. Qc5 Qb3 25. Rxa5 Rxa5 26. Qxa5 Qxb2 27. Qa4 Rd8 28. Qc6 g4 29. Qxe6 gxf3 30. Qxf5 Qd2 31. Rf1 fxg2 32. Kxg2 Qg5+ 33. Qxg5 Nxg5 34. f4 Ne6 35. f5 Nxd4 36. cxd4 Rxd4 37. f6 Bh6 38. e6 Re4 39. e7 Kf7 40. Rf5 Re6 41. Kf3 Be3 42. Kg4 Bd4 43. Rh5 Bxf6 44. Rxh7+ Bg7 45. Rh5 Rxe7 46. Rb5 Kg6 47. Rg5+ Kf7 48. Rb5 Bf6 49. h3 Kg6 50. Rb4 Rh7 51. Kg3 Kf5 52. Rf4+ Ke5 53. Ra4 Bd8 54. Rb4 Bc7 55. Kg4 Rg7+ 56. Kf3 Kf5 57. h4 Rg3+ 58. Kf2 Rh3 59. Rc4 Bf4 0-1